000 00608cam a2200205 4500500
005 20260405003037.0
041 _afre
042 _adc
100 1 0 _aHytte, Naomi
_eauthor
245 0 0 _aTerra incognita. Une histoire de l’ignorance
260 _c2020.
500 _a21
690 _aAlain Corbin
690 _aConnaissance
690 _aHistoire
690 _aIgnorance
690 _aSavoir
786 0 _nPhilosophie magazine | 138 | 4-5 | 2020-04-01 | p. 44-47 | 1951-1787
856 4 1 _uhttps://shs.cairn.info/magazine-philosophie-magazine-2020-4-5-page-44?lang=fr&redirect-ssocas=7080
999 _c2063843
_d2063843